Rappers to Albums #2 - Statistics

General Stats
  • This quiz has been taken 113 times
  • The average score is 63 of 90
Answer Stats
Question Tile Select % Correct
Gunna No
95%
Gunna No
95%
Gunna No
95%
Gunna Yes
94%
Gunna No
92%
Danny Brown No
90%
Gunna Yes
90%
Gunna No
90%
Young Thug No
90%
Kid Cudi No
89%
Kid Cudi No
89%
Kid Cudi No
89%
Kid Cudi No
89%
Danny Brown No
87%
Young Thug No
87%
Big Sean No
86%
Big Sean No
86%
Young Thug Yes
86%
Young Thug No
86%
Kid Cudi Yes
86%
Pusha T No
84%
Young Thug No
84%
Trippie Redd Yes
84%
Kid Cudi No
84%
Gunna Yes
83%
Young Thug No
83%
Trippie Redd No
83%
Big Sean No
81%
Pusha T No
81%
Childish Gambino Yes
81%
Denzel Curry Yes
81%
Denzel Curry No
81%
Kid Cudi Yes
81%
2 Chainz No
79%
Childish Gambino No
79%
Childish Gambino No
79%
Denzel Curry No
79%
Denzel Curry No
79%
Trippie Redd No
79%
2 Chainz No
78%
Denzel Curry No
78%
Denzel Curry No
78%
Trippie Redd No
78%
Pusha T No
76%
Childish Gambino No
76%
Young Thug Yes
76%
Trippie Redd No
76%
Big Sean No
75%
Childish Gambino No
75%
Childish Gambino No
75%
Pusha T Yes
73%
Trippie Redd No
71%
Big Sean Yes
70%
2 Chainz No
70%
Pusha T Yes
70%
Childish Gambino Yes
70%
Young Thug Yes
70%
Gunna Yes
68%
Pusha T No
68%
Pusha T No
68%
Danny Brown Yes
67%
Danny Brown No
63%
Danny Brown No
59%
Danny Brown No
59%
Big Sean Yes
59%
Kid Cudi Yes
57%
2 Chainz No
56%
Pusha T Yes
54%
Young Thug Yes
54%
Kid Cudi Yes
54%
Danny Brown Yes
52%
Big Sean No
52%
Big Sean Yes
51%
2 Chainz Yes
51%
Trippie Redd Yes
48%
Trippie Redd Yes
48%
Denzel Curry Yes
46%
2 Chainz No
44%
Childish Gambino Yes
44%
2 Chainz Yes
43%
2 Chainz Yes
40%
2 Chainz Yes
38%
Danny Brown Yes
37%
Big Sean Yes
33%
Pusha T Yes
33%
Trippie Redd Yes
32%
Danny Brown Yes
30%
Denzel Curry Yes
29%
Denzel Curry Yes
25%
Childish Gambino Yes
24%
No matching quizzes found
Score Distribution
Percent of People with Each Score
Percentile by Number Answered
Your Score History
You have not taken this quiz